BIBLIOTECA

SENCICO

Control de calidad en agregados / (Registro nro. 4298)

Detalles MARC
000 -LEADER
fixed length control field 01190nam a22002777a 4500
003 - CONTROL NUMBER IDENTIFIER
control field PE SENCICO BE
005 - DATE AND TIME OF LATEST TRANSACTION
control field 20251020182641.0
008 - FIXED-LENGTH DATA ELEMENTS--GENERAL INFORMATION
fixed length control field 230913b |||||||| |||| 00| 0 eng d
040 ## - CATALOGING SOURCE
Original cataloging agency PE SENCICO BE
Transcribing agency PE SENCICO BE
041 ## - LANGUAGE CODE
Language code of text/sound track or separate title spa
084 ## - OTHER CLASSIFICATION NUMBER
Classification number I
-- LAB
-- 2018
Item number T56
100 1# - MAIN ENTRY--PERSONAL NAME
9 (RLIN) 1561
Personal name Timoteo Cumbicus, Carlos Armando
Relator term autor
245 1# - TITLE STATEMENT
Title Control de calidad en agregados /
Statement of responsibility, etc. Carlos Armando Timoteo Cumbicus
260 ## - PUBLICATION, DISTRIBUTION, ETC.
Place of publication, distribution, etc. Lima :
Date of publication, distribution, etc. 2018
300 ## - PHYSICAL DESCRIPTION
Extent 64 hojas :
Other physical details ilustraciones a color, tablas ;
Dimensions 30 cm.
500 ## - GENERAL NOTE
General note En la portada: Informe técnico.
502 ## - DISSERTATION NOTE
Dissertation note Monografía de Titulación.-- Servicio Nacional de Capacitación para la Industria de la Construcción. Escuela Superior Técnica. Carrera Profesional Técnica en Laboratorio de Suelos, Concreto y Asfalto, 2018.
504 ## - BIBLIOGRAPHY, ETC. NOTE
Bibliography, etc. note Bibliografía: h. 63-64.
650 10 - SUBJECT ADDED ENTRY--TOPICAL TERM
9 (RLIN) 1257
Topical term or geographic name entry element Agregados (Materiales de construcción)
650 20 - SUBJECT ADDED ENTRY--TOPICAL TERM
9 (RLIN) 485
Topical term or geographic name entry element Control de calidad
650 20 - SUBJECT ADDED ENTRY--TOPICAL TERM
9 (RLIN) 1263
Topical term or geographic name entry element Laboratorio de ensayo de materiales
650 20 - SUBJECT ADDED ENTRY--TOPICAL TERM
9 (RLIN) 1562
Topical term or geographic name entry element Granulometría
710 1# - ADDED ENTRY--CORPORATE NAME
Corporate name or jurisdiction name as entry element Servicio Nacional de Capacitación para la Industria de la Construcción.
Subordinate unit Escuela Superior Técnica
9 (RLIN) 1065
910 ## - USER-OPTION DATA (OCLC)
-- hfp
-- hfp
942 ## - ADDED ENTRY ELEMENTS (KOHA)
Koha item type Monografía de Titulación
Existencias
Fecha de la última vez que lo usaron Número de ingreso o de inventario Pago total Signatura topográfica completa Precio efectivo desde Tipo de documento Estado perdido Sistema de clasificación Estado dañado No es para préstamo Retirado Ubicación permanente Ubicación actual Fecha de adquisición
13/09/2023 I-00113   I/LAB/2018/T56 13/09/2023 Monografía de Titulación   Dewey Decimal Classification       Biblioteca Central Lima Biblioteca Central Lima 13/09/2023